[Event "CZE-Cup8 fin corr"]
[Site "Czech Republic"]
[Date "2000.??.??"]
[Round "?"]
[White "Nemec"]
[Black "Vetrovsky, Petr"]
[Result "1/2-1/2"]
[WhiteElo "2120"]
[BlackElo "2120"]
[PlyCount "43"]
[EventDate "2000.??.??"]
[EventType "tourn (corr)"]
[EventRounds "13"]
[EventCountry "CZE"]
[SourceTitle "Corr 2002"]
[Source "ChessBase"]
[SourceDate "2002.05.23"]
[SourceVersion "1"]
[SourceVersionDate "2002.05.23"]
[SourceQuality "1"]

1. e4 c5 2. Nf3 d6 3. d4 cxd4 4. Qxd4 Nc6 5. Bb5 Bd7 6. Bxc6 Bxc6 7. Nc3 Nf6 8. Bg5 e6 9. 0-0-0 Be7 10. Rhe1 0-0 11. e5 dxe5 12. Qh4 Qc7 13. Nxe5 Rfd8 14. Ng4 Nxg4 15. Bxe7 Qf4+ 16. Kb1 Rxd1+ 17. Rxd1 Qf5 18. h3 Ne5 19. Qd4 Re8 20. Bd6 Ng6 21. f3 a6 22. Rd2 1/2-1/2

[Event "CZE-Cup8 fin corr"]
[Site "Czech Republic"]
[Date "2000.??.??"]
[Round "?"]
[White "Vetrovsky, Petr"]
[Black "Syrek, Tomas"]
[Result "1/2-1/2"]
[WhiteElo "2120"]
[BlackElo "2125"]
[PlyCount "29"]
[EventDate "2000.??.??"]
[EventType "tourn (corr)"]
[EventRounds "13"]
[EventCountry "CZE"]
[SourceTitle "Corr 2002"]
[Source "ChessBase"]
[SourceDate "2002.05.23"]
[SourceVersion "1"]
[SourceVersionDate "2002.05.23"]
[SourceQuality "1"]

1. e4 e5 2. Nf3 Nc6 3. Bb5 a6 4. Ba4 d6 5. c3 Bd7 6. d4 Nge7 7. Be3 Ng6 8. h4 Be7 9. g3 h6 10. d5 Nb8 11. Bc2 Bg4 12. Nbd2 Nd7 13. Nf1 Nf6 14. N1h2 Bh5 15. Ba4+ 1/2-1/2